| 000 | 00473nam a2200169Ia 4500 | ||
|---|---|---|---|
| 008 | 130320s9999 xx 000 0 und d | ||
| 100 | _aRavipathy Koteswararao | ||
| 245 | _aSource code analysis | ||
| 502 |
_bMS IT _c2006-2008 _eSreevathsan K.R _fBrajesh C (NeST) _gNeST, Thiruvananthapuram |
||
| 650 | _a.NET | ||
| 650 | _aASP | ||
| 650 | _aVB | ||
| 650 | _aSOURCE CODE ANALYSIS | ||
| 700 | _aSandeep Kumar | ||
| 700 | _aSowmya Prasanth | ||
| 700 | _aVincy Marin Mathew | ||
| 999 |
_c2803 _d2803 |
||